Statistics for June 20th: Birthdays

Click here to take the quiz!

General Stats

  • This quiz has been taken 6 times
  • The average score is 3 of 8

Answer Stats

YearClueAnswer% Correct
1942Part of band Beach BoysBrian Wilson
83%
1952Acted as Dan ConnerJohn Goodman
83%
1967Actress in Dead CalmNicole Kidman
50%
1949Artist of Penny LoverLionel Richie
33%
1905Did screenplay for Little FoxesLillian Hellman
17%
1968Composed music in GrindhouseRobert Rodriguez
0%
1566King of PolandSigismund III Vasa
0%
1763Founded United IrishmenWolfe Tone
0%

Score Distribution

Percentile by Number Answered

Percent of People with Each Score

Your Score History

You have not taken this quiz